El poblamiento de México / [por] Secretaria de Gobernación

Guardat en:
Dades bibliogràfiques
Autor principal: Secretaria de Gobernación (autor)
Format: Llibre
Matèries:
Etiquetes: Afegir etiqueta
Sense etiquetes, Sigues el primer a etiquetar aquest registre!

MARC

LEADER 00000nam^a2200000^u^4500
001 000542425
005 20250521000000.0
008 060220s1000^^^^^^^^^^^^r^^^^^000^0^spa^d
009 20260310131246.445
035 |a FMI 000011048 
037 |a Acervo Xavier Clavigero 
096 |a 3.5/44/E 
100 |a Secretaria de Gobernación  |e (autor) 
245 1 3 |a El poblamiento de México / [por] Secretaria de Gobernación 
264 |a México : Consejo nacional de población, 1993 
300 |a 327 p. 
336 |a texto  |b txt  |2 rdacontenido 
337 |a sin mediación  |b n  |2 rdamedio 
338 |a volumen  |b nc  |2 rdasoporte 
597 |a Una visión histórico-demog´rfica. Tomo I : El México prehispánico. 
649 |a XX 
650 |a HISTORIA DE MEXICO 
910 |a Fondo Francisco Migoya Covarrubias S.J. 
920 |a Impresos - Libros 
930 |a Fondos Especiales 
905 |a 134 
901 |a SBC06896  |b IT2  |c ESP  |u 20250521 
902 |a https://opac.biblio.iteso.mx/vufind/Record/000542425